01159nam a2200277 i 4500001001000000003000900010005001700019007000300036008004100039020001800080040003000098041000800128082001700136100003900153245023400192264006300426300002800489336002700517337003300544338002800577500007300605500007000678504003900748700005600787700003800843000039158DO-SdBNP20260305131334.0ta130528s2013 dr 000 0 spa d a9789945887716 aDO-SdBNPbspacBNPHUerda aspa 4axxxbxxx2221 aFranks, Julie Cheryl,eautor4aut.10aTransformando la propiedad :bla tenencia de tierras y los derechos políticos en la región azucarera dominicana 1880-1930 /cJulie Cheryl Franks ; traducción y edición, Rosario Flores Paz ; presentación, Frank Moya Pons 1aSanto Domingo :bAcademia Domincana de la Historia,c2013. a258 páginas ;c24 cm. atextobtxt2rdacontent asin mediaciónbn2rdamedia avolumenbnc2rdacarrier aIncluye referencias bibiográficas y notas al pie de las págianas aIncluye datos biográficos del autor en la solapa de la cubierta aBibliografía : páginas 233-2501 aFlores Paz, Rosario,etraductor y editor4tr. y ed.1 aMoya Pons, Frank,epresentación